000 01305nam a22002537a 4500
999 _c62186
_d62186
003 Ge_BSU
005 20240730121226.0
008 240730s2024 ge ||||| |||| 00| 0 geo d
020 _a9789941343957
041 _ageo
080 _a821.353.1-92 ფ-97
100 _aფუტკარაძე, ედიშერ.
_eავტორი
_918107
245 _aჩემი მოსაზრებები : My Opinions /
_cედიშერ ფუტკარაძე; რედ: ოთარ გამყრელიძე, ბესარიონ ზოიძე, რაჟდენ ფუტკარაძე
250 _aმე-2 გამოცემა,
_bSecond Edition
264 _aთბილისი:
_bმერიდიანი,
_c2024.
300 _a428 გვ.:
_b20 სმ.
653 _aჩემი მოსაზრებები
653 _aპუბლიცისტური წერილები
700 _aგამყრელიძე,ოთარ
_eრედაქტორი
_923003
700 _aზოიძე, ბესარიონ
_eრედაქტორი
_923004
700 _aფუტკარაძე,რაჟდენ
_eრედაქტორი
_923005
773 _tნაჩუქარი
942 _2udc
_cᲬᲘᲒᲜᲘ